| 000 | 00947nam a2200313 a 4500 | ||
|---|---|---|---|
| 999 |
_c200428497 _d46421 |
||
| 001 | 200428497 | ||
| 003 | TR-AnTOB | ||
| 005 | 20230330000904.0 | ||
| 007 | ta | ||
| 008 | 180118r19382017tu 000 0 tur d | ||
| 020 |
_a9789754370010 _cpaperback |
||
| 040 |
_aTR-AnTOB _cTR-AnTOB _dOCLCQ _dBGZ _beng _erda |
||
| 041 | 0 | _atur | |
| 050 | _aDR589 | ||
| 090 |
_aDR589 _b.S24 2017 |
||
| 100 | 1 |
_aSafa, Peyami _d1899-1961 _eauthor _9116987 |
|
| 245 | 1 | 0 |
_aTürk inkılâbına bakışlar / _cPeyami Safa. |
| 250 | _a11. basım | ||
| 264 |
_aİstanbul : _bÖtüken, _c2017 |
||
| 300 |
_a187 pages _c20 cm. |
||
| 336 |
_2rdacontent _atext _btxt |
||
| 337 |
_2rdamediated _aunmedia _bn |
||
| 338 |
_2rdacarrier _avolume _bnc |
||
| 490 | 0 |
_aÖtüken Neşriyat ; _v212 _aKültür Serisi ; _v56 |
|
| 651 | 0 |
_aTürkiye _xTarih _eetuturkob _9120729 |
|
| 651 | 0 |
_9120730 _aTurkey _xHistory |
|
| 942 |
_2lcc _cBK |
||